000 00469cam a22001337a 4500
999 _c508739
_d508739
008 180718b1988 xxu||||| |||| 00| 0 eng d
082 _aB73064x5444 1989-90
100 _aKarnataka. Directorate of Economics and Statistics
_93568
245 _aMiunicipal year book 1989-90
_cby Directorate of Economics and Statistics
260 _aBanglaore
_bGovernment of Karnataka
_c1990
300 _a108+p.
650 _aPolitics and government -- Periodicals
_94001
942 _2ddc